[Event "GER-chT U20"]
[Site "Osnabrueck"]
[Date "2015.12.30"]
[Round "7.6"]
[White "Engel, Jan"]
[Black "Raulin, Kian"]
[Result "1-0"]
[WhiteElo "1519"]
[BlackElo "1628"]
[PlyCount "63"]
[EventDate "2015.12.27"]
[EventType "team-swiss"]
[EventRounds "7"]
[EventCountry "GER"]
[SourceTitle "EXT 2017"]
[Source "ChessBase"]
[SourceDate "2016.10.25"]
[SourceVersion "1"]
[SourceVersionDate "2016.10.25"]
[SourceQuality "1"]
[WhiteTeam "Frankfurt"]
[BlackTeam "Spandau Zitadelle"]
[WhiteTeamCountry "GER"]
[BlackTeamCountry "GER"]

1. e4 e6 2. d4 d5 3. Nc3 Nf6 4. e5 Nfd7 5. f4 c5 6. Nf3 Nc6 7. Be3 a6 8. Bd3 c4 9. Be2 b5 10. 0-0 Nb6 11. Qd2 Bb4 12. a3 Be7 13. Nd1 b4 14. axb4 Bxb4 15. c3 Be7 16. Bf2 a5 17. Ne3 a4 18. g4 Na5 19. Qc2 Nb3 20. Rae1 Bd7 21. f5 Qc7 22. f6 gxf6 23. exf6 Bxf6 24. Bg3 Qb7 25. Be5 Bxe5 26. Nxe5 f5 27. gxf5 exf5 28. Bh5+ Ke7 29. Nxf5+ Bxf5 30. Qxf5 Kd8 31. Nf7+ Kc7 32. Re7+ 1-0

[Event "GER-chT Nord-Ost U20 U20 1112"]
[Site "Germany"]
[Date "2011.11.05"]
[Round "2.5"]
[White "Giering, Nils"]
[Black "Raulin, Kian"]
[Result "0-1"]
[WhiteElo "1492"]
[BlackElo "1732"]
[PlyCount "56"]
[EventDate "2011.09.24"]
[EventType "team-tourn"]
[EventRounds "9"]
[EventCountry "GER"]
[SourceTitle "EXT 2015"]
[Source "ChessBase"]
[SourceDate "2014.11.20"]
[SourceVersion "1"]
[SourceVersionDate "2014.11.20"]
[SourceQuality "1"]

1. d4 d5 2. Nf3 Nf6 3. c4 c6 4. Nc3 e6 5. c5 Be7 6. e3 Nbd7 7. Bd3 Qc7 8. b4 b6 9. 0-0 0-0 10. Qc2 bxc5 11. dxc5 e5 12. Be2 a5 13. b5 cxb5 14. Nxb5 Qxc5 15. Qxc5 Bxc5 16. Bb2 Ba6 17. Nxe5 a4 18. Nxd7 Nxd7 19. Nc3 d4 20. Bxa6 dxc3 21. Bxc3 Rxa6 22. Rfd1 Nf6 23. Rac1 Ba3 24. Rb1 h6 25. Bb4 Bxb4 26. Rxb4 Rc8 27. h3 Rc2 28. a3 Rc3 0-1

[Event "Potsdam Christmas 35th"]
[Site "Potsdam"]
[Date "2010.12.29"]
[Round "6.43"]
[White "Faust, Adrian"]
[Black "Raulin, Kian"]
[Result "0-1"]
[WhiteElo "1194"]
[BlackElo "1304"]
[PlyCount "78"]
[EventDate "2010.12.27"]
[EventType "swiss"]
[EventRounds "7"]
[EventCountry "GER"]
[SourceTitle "EXT 2022"]
[Source "ChessBase"]
[SourceDate "2021.10.06"]
[SourceVersion "1"]
[SourceVersionDate "2021.10.06"]
[SourceQuality "1"]

1. Nf3 Nf6 2. d4 d5 3. Bf4 Bf5 4. e3 e6 5. c4 Bb4+ 6. Nbd2 0-0 7. Be2 c6 8. 0-0 Bd6 9. Bxd6 Qxd6 10. c5 Qc7 11. Nh4 Bg6 12. Nxg6 hxg6 13. Bd3 Nbd7 14. f4 b6 15. b4 a5 16. a3 b5 17. e4 dxe4 18. Nxe4 Nxe4 19. Bxe4 Nf6 20. Qe2 Rfd8 21. Rfd1 axb4 22. Qf3 Nxe4 23. Qxe4 bxa3 24. Rd3 b4 25. Rb3 Rdb8 26. g3 Qd7 27. Qe5 Qd5 28. Qe3 Ra4 29. Kf2 Rd8 30. Rd3 Raa8 31. Kg1 Ra5 32. Qd2 Qc4 33. Rc1 Qb5 34. Rb3 Ra4 35. Rc2 Rda8 36. Ra2 Qc4 37. Qd3 Qd5 38. Kf2 Rd8 39. Ke3 f6 0-1

[Event "Potsdam Christmas 35th"]
[Site "Potsdam"]
[Date "2010.12.27"]
[Round "1.35"]
[White "Bachran, Boris"]
[Black "Raulin, Kian"]
[Result "1-0"]
[WhiteElo "1944"]
[BlackElo "1304"]
[PlyCount "117"]
[EventDate "2010.12.27"]
[EventType "swiss"]
[EventRounds "7"]
[EventCountry "GER"]
[SourceTitle "EXT 2022"]
[Source "ChessBase"]
[SourceDate "2021.10.06"]
[SourceVersion "1"]
[SourceVersionDate "2021.10.06"]
[SourceQuality "1"]

1. d4 d5 2. Nf3 Nf6 3. c3 g6 4. Bf4 Bg7 5. e3 Bf5 6. Bd3 Be4 7. Bxe4 Nxe4 8. Nbd2 Nxd2 9. Nxd2 0-0 10. h4 Nd7 11. h5 e5 12. dxe5 Nxe5 13. Bxe5 Bxe5 14. hxg6 fxg6 15. Nf3 Qf6 16. Qxd5+ Rf7 17. Qxe5 Qb6 18. 0-0-0 Raf8 19. Qd5 c6 20. Qb3 Qc5 21. Rd4 Qe7 22. Rhd1 Kg7 23. Qa3 c5 24. Rd5 b6 25. Qa4 Qf6 26. Rd7 h6 27. Rxf7+ Rxf7 28. Rd7 Qe6 29. Rxf7+ Qxf7 30. Qb3 Qf5 31. Qd1 Qe6 32. b3 Qg4 33. Ne1 Qf5 34. Qe2 Qe5 35. Kb1 Kh7 36. Qd1 Qf5+ 37. Kb2 h5 38. f3 Qg5 39. Qd7+ Kh6 40. Kc2 Qg3 41. Qd2 Qc7 42. e4+ Kh7 43. Qe2 Qe5 44. Nd3 Qe6 45. Nf4 Qd7 46. Nd5 Kg7 47. c4 Qe6 48. Qe3 Qe5 49. Qc3 Qxc3+ 50. Kxc3 Kh6 51. f4 h4 52. e5 Kh5 53. Ne3 g5 54. f5 g4 55. Nxg4 Kxg4 56. f6 Kg3 57. f7 Kxg2 58. f8Q h3 59. Qh8 1-0

[Event "Berlin-ch U10"]
[Site "Berlin"]
[Date "2005.01.25"]
[Round "4"]
[White "Peil, Dominik"]
[Black "Raulin, Kian"]
[Result "1-0"]
[WhiteElo "848"]
[BlackElo "722"]
[PlyCount "85"]
[EventDate "2005.01.23"]
[EventType "tourn"]
[EventRounds "9"]
[EventCountry "GER"]
[SourceTitle "EXT 2007"]
[Source "ChessBase"]
[SourceDate "2006.11.23"]
[SourceVersion "1"]
[SourceVersionDate "2006.11.23"]
[SourceQuality "1"]

1. e4 e5 2. Nf3 Nc6 3. Bc4 Bc5 4. c3 Nf6 5. d4 exd4 6. cxd4 Bb4+ 7. Nc3 Nxe4 8. 0-0 Bxc3 9. bxc3 Nxc3 10. Qc2 d5 11. Qxc3 dxc4 12. Qxc4 0-0 13. d5 Na5 14. Qc3 b6 15. Bb2 f6 16. Ng5 Qxd5 17. Nf3 Bb7 18. Qxc7 Rac8 19. Qg3 Nc4 20. Bc3 Nd6 21. Rad1 Nf5 22. Qh3 Qe6 23. Rfe1 Be4 24. Bd4 Rfd8 25. g4 Nxd4 26. Nxd4 Rc7 27. Nxe6 Rd3 28. Rxd3 Bxd3 29. Nxc7 Bc4 30. Qe3 h6 31. Qe8+ Kh7 32. Ne6 h5 33. Qf8 Bxe6 34. Rxe6 Kh6 35. Qh8+ Kg5 36. gxh5 Kf5 37. Re7 a5 38. Qxg7 a4 39. h6 b5 40. h7 b4 41. h8Q b3 42. Qh5+ Kf4 43. Qxf6# 1-0

[Event "Berlin-ch U10"]
[Site "Berlin"]
[Date "2005.01.23"]
[Round "1"]
[White "Raulin, Kian"]
[Black "Nettelroth, Erik"]
[Result "0-1"]
[WhiteElo "722"]
[BlackElo "932"]
[PlyCount "108"]
[EventDate "2005.01.23"]
[EventType "tourn"]
[EventRounds "9"]
[EventCountry "GER"]
[SourceTitle "EXT 2007"]
[Source "ChessBase"]
[SourceDate "2006.11.23"]
[SourceVersion "1"]
[SourceVersionDate "2006.11.23"]
[SourceQuality "1"]

1. e4 e5 2. Bc4 Nc6 3. Nf3 Nf6 4. Ng5 d5 5. exd5 Na5 6. Bb3 Nxb3 7. axb3 Qxd5 8. Nc3 Qxg2 9. Rf1 Qxg5 10. Nb5 Bd6 11. d3 Qf5 12. Rg1 g6 13. c4 a6 14. c5 Bd7 15. Rg5 Qe6 16. Nc3 Bxc5 17. Ra5 Bb4 18. Ra2 h6 19. Rg3 Qf5 20. Rf3 Qe6 21. Bd2 Bc6 22. Re3 Bc5 23. Re2 Bf3 24. Rxe5 Qxe5+ 25. Ne2 Bxe2 26. Qxe2 Qxe2+ 27. Kxe2 0-0-0 28. Bc3 Bd4 29. Bb4 Rhe8+ 30. Kd2 Bxf2 31. Bc3 Ne4+ 32. Kc2 Nxc3 33. bxc3 Re2+ 34. Kb1 Rxa2 35. Kxa2 Rxd3 36. Kb2 f5 37. Kc2 Rh3 38. c4 f4 39. b4 Bc5 40. b5 axb5 41. cxb5 Rxh2+ 42. Kc3 f3 43. Kc4 Bb6 44. Kd3 f2 45. Ke2 c5 46. Kf1 c4 47. Ke2 c3 48. Kd3 f1R 49. Kxc3 Rh4 50. Kd3 Rfh1 51. Ke2 R1h3 52. Kf1 Rh2 53. Ke1 Ra4 54. Kd1 Ra1# 0-1

[Event "Berlin-ch U10"]
[Site "Berlin"]
[Date "2004.02.05"]
[Round "7"]
[White "Tscheuschner, Georg"]
[Black "Raulin, Kian"]
[Result "1-0"]
[WhiteElo "948"]
[BlackElo "754"]
[PlyCount "117"]
[EventDate "2004.04.??"]
[EventType "tourn"]
[EventRounds "9"]
[EventCountry "GER"]
[SourceTitle "EXT 2005"]
[Source "ChessBase"]
[SourceDate "2004.11.15"]
[SourceVersion "1"]
[SourceVersionDate "2004.11.15"]
[SourceQuality "1"]

1. d4 Nf6 2. Nf3 d5 3. e3 a6 4. Bd3 Nc6 5. Nbd2 Bg4 6. Be2 e6 7. 0-0 Bd6 8. a3 h5 9. Nh4 Qe7 10. f3 Bf5 11. Nxf5 exf5 12. Bd3 Qxe3+ 13. Kh1 Qf4 14. g3 Qxd4 15. Qe2+ Ne7 16. Bxf5 h4 17. g4 g6 18. Nb3 Qb6 19. Bd3 c5 20. Bg5 c4 21. Bxf6 cxd3 22. Qxd3 Qc6 23. Rf2 Bg3 24. Re2 Bd6 25. Rae1 0-0-0 26. Bxe7 Bxe7 27. Rxe7 Qd6 28. Na5 Rd7 29. Re8+ Rxe8 30. Rxe8+ Rd8 31. Rxd8+ Qxd8 32. Qc3+ Kd7 33. Nxb7 Qb8 34. Na5 Ke8 35. Qc6+ Kf8 36. Qb7 Qd8 37. Qxa6 Qg5 38. Qc8+ Kg7 39. Qc3+ Kf8 40. Nc6 d4 41. Qb4+ Kg8 42. Ne7+ Kg7 43. Qxd4+ Kf8 44. Qd8+ Kg7 45. Nf5+ Qxf5 46. gxf5 f6 47. Qe7+ Kh6 48. Qxf6 Kh7 49. fxg6+ Kh6 50. g7+ Kh7 51. Kg2 h3+ 52. Kxh3 Kg8 53. Kh4 Kh7 54. g8R Kxg8 55. Kg5 Kh7 56. h3 Kg8 57. Qe7 Kh8 58. Kg6 Kg8 59. Qg7# 1-0